[Event "Candidates Tournament"]
[Site "Berlin"]
[Date "2018.03.12"]
[Round "3"]
[White "Caruana, Fabiano"]
[Black "Mamedyarov, Shakhriyar"]
[Result "1/2-1/2"]
[WhiteElo "2784"]
[BlackElo "2809"]
[Annotator "Mekhitarian,K"]
[PlyCount "98"]
[EventDate "2018.03.10"]
[EventType "tourn"]
[EventRounds "14"]
[EventCountry "GER"]
[EventCategory "22"]
[SourceTitle "CBM 184"]
[Source "ChessBase"]
[SourceDate "2018.05.16"]
[SourceVersion "1"]
[SourceVersionDate "2018.05.16"]
[SourceQuality "1"]

1. e4 c5 2. Nf3 d6 3. d4 cxd4 4. Nxd4 Nf6 5. Nc3 a6 6. f3 e5 7. Nb3 Be6 8. Be3
Be7 9. Qd2 Nbd7 (9... h5 {is the most popular move nowadays. But Black had
something else in his mind.}) 10. g4 O-O 11. g5 Nh5 12. O-O-O b5 {Mamedyarov
chooses a line that has been out of fashion for some time, a very interesting
approach to use against principled opponents like Fabiano Caruana. Thorough
preparation and the surprise factor may play a strong role.} 13. Nd5 (13. Kb1 {
gives Black the chance to improve control over the d5-square:} Nb6 {Now Black
will be always ready to capture on d5 with the b6-knight.} 14. Na5 (14. Nd5
Nxd5 $1 15. exd5 Bf5 16. Na5 f6 {with a similar modern idea that was used in
the game, Black opens the kingside. This position has been played more than 80
times in correspondence chess, and only once in over-the-board games, in 2016.}
17. Nc6 Qd7 18. gxf6 Bxf6 19. Ka1 Kh8 20. c4 bxc4 21. Bxc4 Bh4 22. Qa5 Bh3 $1
$17 {0-1 (34) Eggleston,D (2413)-Yu,Y (2721) Novi Sad 2016}) 14... Rc8 15. Nd5
Nxd5 16. exd5 Bxd5 17. Qxd5 Qxa5 18. c4 {White has typical compensation in
such positions with the bishop pair and control over the light squares, but
Black is doing well.} Nf4 19. Bxf4 exf4 20. cxb5 axb5 21. h4 Rc5 22. Qb3 d5 23.
Be2 Rd8 $11 {½-½ (31) Leko,P (2679)-Giri,A (2762) Heraklio 2017, with a
balanced position.}) 13... Bxd5 14. exd5 f6 $1 {As mentioned before, this is a
typical modern idea in this variation.} 15. gxf6 (15. h4 {is another way to
play the position} fxg5 (15... Ng3 $5 {is also perfectly fine} 16. Bh3 $6 (16.
Rg1 {is the correct answer} Nxf1 17. Rdxf1 a5 $1 $132) 16... Nxh1 17. Be6+ Kh8
18. Rxh1 Nb6 $1 19. Na5 Nc4 20. Nxc4 bxc4 $17 {0-1 (87) Kalinina,O (2359)
-Bodnaruk,A (2446) Riga 2017 and White does not have enough compensation.
Black went on to win convincingly.}) 16. hxg5 Rxf3 17. Rxh5 Rxe3 18. Qxe3 g6
19. Nd4 exd4 20. Qe6+ Kg7 21. Rh3 Bxg5+ 22. Kb1 Ne5 (22... Nc5 $5) 23. Rxd4 Qf8
$44 {0-1 (59) Nakar,E (2479)-Swiercz,D (2646) Kenner 2016, with great
compensation for the sacrificed exchange.}) (15. g6 $5 {questioning the black
pieces} hxg6 16. Na5 f5 17. Nc6 Qe8 18. Rg1 Kh7 $13 {with an unclear position.}
) 15... Bxf6 16. Kb1 (16. Na5 {is the main move here.} Nf4 17. Nc6 Qc7 18. c4 {
The whole concept of this variation is curious - Black intentionally opens the
kingside, while sometimes White tries to open the queenside. It looks
controversial, since opening up your own king is not advisable, but in the
other hand, each of the players has good prospects on those flanks (White, for
example, has better prospects on the queenside with the strong d5-pawn).} bxc4
19. Bxc4 a5 20. a3 Nb6 21. Bb3 Nc8 22. Kb1 a4 23. Ba2 Ne7 $13 {½-½ (31)
Hracek,Z (2613)-Dziuba,M (2584) Czech Republic 2017}) 16... Nf4 {Black is
happy to sacrifice a pawn to open up the a1-h8 diagonal (White can not take it
now because of ...Bxb2 at the end).} 17. Rg1 Kh8 18. Bd3 Bg5 19. Na5 Bh6 20.
Nc6 $6 (20. Be4 {was perhaps more precise} Qf6 21. h4 Nh3 22. Rg5 $1 $36) 20...
Qh4 (20... Qf6 $1 $15 {preparing a possible ...Nh3! exchanging the
dark-squared bishops that looks appropriate for Black. The f3-weakness will
play an important role in the endgame, if everything gets swapped on h6.
Additionally, the simple ...Nxd3 is threatened here.}) 21. Qb4 Rf6 (21... Qf6
$1 {it was never late to go back.}) 22. a4 $1 {Keeping the plan of playing on
the queenside.} Qxh2 $2 (22... Qh5 $1 $132 {[%csl Rf3]}) 23. Be4 Qe2 24. Bxf4
Bxf4 25. Qa5 {The position is getting more difficult for Black after each move,
the queenside is very vulnerable now.} Nc5 26. Qc7 Bh6 27. Nd8 Nxe4 28. fxe4
Rf8 29. Nf7+ $5 (29. Rde1 $1 {would lead to a similar position without losing
the important e4-pawn.} Qc4 30. Nf7+ Rxf7 31. Qxf7 Rc8 32. Rg2 bxa4 33. Qd7 a3
34. Qxd6 $1 axb2 35. Qxe5 $18) 29... Rxf7 30. Qxf7 Rc8 31. Rc1 Qxe4 $132 {
Now Black has decent practical chances of counterplay.} 32. Rgf1 $2 (32. a5 $1
{creating a permanent weakness on a6 and stopping ...bxa4} Qc4 33. Rg2 $1 {
with the threat of playing Rf1} Qc7 34. Rf1 Bf4 (34... Qxf7 35. Rxf7 Ra8 36.
Rd7 $18) 35. Qf5 $1 $18 {followed by Rh1, with a strong attack.}) 32... Bf4 $1
33. Rg1 Bh6 $2 34. Rgf1 $2 (34. a5 {transposes to 32.a5.}) 34... Rg8 $1 {
Either Mamedyarov wanted to win, or he just realised 34...Rg8 was better.} 35.
Rcd1 bxa4 36. Qe7 Qg6 37. Rf8 Bg5 38. Rxg8+ Kxg8 39. Qd7 h5 $132 40. Rg1 e4 41.
Qxa4 e3 42. Qxa6 Qf5 43. Qa8+ Kh7 {Black has lost two pawns, but he has been
able to advance his passers considerably.} 44. Qe8 Bf4 45. Qe6 g6 (45... Qxe6
$5 {was a curious alternative} 46. dxe6 Kg8 47. b4 g5 48. b5 h4 $13 {with a
complicated endgame, arguably 0.00 equal, according to the computers!}) 46. Rf1
Kg7 47. Qxf5 gxf5 48. c4 (48. Rxf4 $4 e2 $19) 48... Bg3 49. Rg1 h4 (49... h4 {
a sample line would be:} 50. Kc2 e2 51. Kd2 e1=Q+ 52. Rxe1 Bxe1+ 53. Kxe1 h3
54. Kf2 f4 55. b4 Kf8 56. c5 dxc5 57. bxc5 Ke7 58. Kf3 $11 {with a theoretical
draw - neither side can make any progress.}) 1/2-1/2

[Event "Candidates Tournament"]
[Site "Berlin"]
[Date "2018.03.10"]
[Round "1"]
[White "Caruana, Fabiano"]
[Black "So, Wesley"]
[Result "1-0"]
[WhiteElo "2784"]
[BlackElo "2799"]
[Annotator "Marin,M"]
[PlyCount "65"]
[EventDate "2018.03.10"]
[EventType "tourn"]
[EventRounds "14"]
[EventCountry "GER"]
[EventCategory "22"]
[SourceTitle "CBM 184"]
[Source "ChessBase"]
[SourceDate "2018.05.16"]
[SourceVersion "1"]
[SourceVersionDate "2018.05.16"]
[SourceQuality "1"]

1. d4 Nf6 2. c4 e6 3. g3 Bb4+ 4. Bd2 Be7 5. Bg2 d5 6. Nf3 O-O 7. O-O c6 8. Qb3
{This was the system prepared by Caruana for this tournament. In several
similar positions he developed his queen to b3 instead of the usual Qc2. In
the past, these l;ines used to be a specialty of Romanishin.} Nbd7 ({For} 8...
b6 {see Caruana,F (2784)-Ding Liren (2769) Berlin 2018 (½-½, 67)}) 9. Bf4 a5
{Black refrains from ...b7-b6 in order to be able to answer cxd5 with ...exd5.
But the question is how he is going to complete his development.} ({The
question about whether the bishop stands better on d2 or on c1 is not entirely
elucidated. A Romanishin game, reaching this position without ...Bb4+ and Bd2
on the way, continued:} 9... Nh5 10. Bd2 $5 (10. Bc1 {is more natural but
curiously I did not find games with the most consequent} f5) 10... f5 (10... a5
{is an attempt to reach some improved version of the main game. White could try
} 11. Ne5 {since the central exchange would leave the h5-knight in a delicate
situation, but after} Nhf6 12. f4 Ne4 13. Be3 {Black is not without chances.})
11. Bb4 a5 12. Bxe7 Qxe7 13. Nbd2 Nhf6 14. Ne1 {[%csl Ge5][%cal Ge1d3,Gd2f3]} (
{Before starting the standard regrouping WHite could have considered
activating his major pieces, for instance} 14. Rac1 a4 15. Qe3 $14) 14... a4
15. Qc2 e5 $5 16. dxe5 Nxe5 17. cxd5 Nxd5 18. Bxd5+ cxd5 19. Nd3 Nxd3 20. Qxd3
Be6 21. Nf3 f4 $13 {Romanishin,O-Korensky,V Tbilisi (Georgia) 1974 (1-0, 40.
Black's attacking chances (at least partly) compensate for White's blocvkade
on d4.}) (9... Qb6 10. Qc2 c5 11. dxc5 Qxc5 12. Na3 b6 13. Be3 Qc7 14. Nb5 Qxc4
15. Qxc4 dxc4 16. Nfd4 Nd5 17. Bxd5 exd5 18. Nc7 Bb7 (18... Rb8 19. Nxd5) 19.
Nf5 Bb4 20. Nxa8 Rxa8 21. Bd4 $14 {1-0 (70) Romanishin,O (2600)-Hertneck,G 
(2555) Bad Lauterberg 1991 CBM 027 [Hertneck,G]}) (9... b6 10. Nc3 Ba6 (10...
Bb7 11. cxd5 cxd5) 11. cxd5 Nxd5 {Roiz,M (2659)-Gyimesi,Z (2584) Germany 2009
CBM 134 [Roiz,M] (1-0, 83)}) 10. Rd1 Nh5 {I am always happy when I see this
move from the whote side as it allows "correcting" the bishop's position,
neutralising the merits of ...Bb4+. But ...a7-a5 involves a serious commitment
and Black's choice is narrower than in other lines already.} (10... b5 11. c5
Ba6 12. Qc2 b4 13. Bf1 (13. Re1 {is more or less similar to the main game.})
13... Ne4 14. Nbd2 f5 15. Ne5 Nxe5 16. Bxe5 Nxd2 17. Qxd2 Bg5 18. f4 Bf6 19.
Bxf6 gxf6 20. a3 b3 21. Rac1 $14 {Mamedyarov,S (2775)-Kovalenko,I (2644) Riga
2013 (½-½, 35)}) ({The consequent} 10... a4 {mainly weakens this pawn.} 11.
Qc2 b6 12. Ne5 $5 Nxe5 (12... Bb7 13. Nc3 a3 14. b3 $16 {planning e2-e4}) 13.
dxe5 Nd7 14. cxd5 cxd5 15. e4 {and in avoidance of the worse Black has to play}
d4 16. Rxd4 g5 17. Bc1 Bc5 18. Rd1 Qe7 19. Nc3 b5 (19... a3 20. Na4 $1) 20.
Nxb5 Nxe5 $14 {with just some compensation for the pawn.}) ({The main move is} 
10... b6 {leaving White with some initiative in the symmetrical position
resulting after} 11. cxd5 cxd5 12. Nc3 Ba6 13. Nb5 Bb4 14. a4 {½-½ Foisor,O 
(2495)-Arkhipov,S (2485) Moscow 1987}) 11. Bc1 Nhf6 12. Nbd2 $146 {A logical
novelty, preparing e2-e4 without leaving c4 vulnerable.} (12. Nc3 a4 13. Qc2 (
13. Nxa4 dxc4 14. Qc2 b5 $132) 13... dxc4 14. e4 h6 15. d5 cxd5 16. exd5 Nxd5
$13 {½-½ Ulybin,M (2521)-Palac,M (2586) Zagreb 2011}) 12... b5 13. c5 b4 ({
Since Black's main plan is breaking in the centre, he should have prepared
this at once without wasting time with pawn moves:} 13... Qc7 $5 {It could be
that So wanted to keep his indirect control over g5, fearing something like}
14. e4 dxe4 ({The aforementioned hypotetical fears are justified after} 14...
Nxe4 $6 15. Nxe4 dxe4 16. Ng5 Bxg5 17. Bxg5 a4 18. Qc2 f5 19. Be7 Re8 20. Bd6 {
with overwhelming compensation for the pawn.}) 15. Ng5 {But Black seems to be
doing fine here:} a4 16. Qc2 e3 17. fxe3 e5 $132) 14. Qc2 a4 15. Re1 ({Still
preparing e2- e4 as if} 15. e4 b3 16. Qb1 bxa2 17. Rxa2 Nxe4 18. Nxe4 dxe4 19.
Qxe4 Nxc5 $1 {Black should be OK despite his apparently hanging position.
After the game move White has basically lost two tempi with his major pieces,
but the merits of the massive pawn advance on the queenside are not entirely
clear.}) 15... e5 {It's now or never.} ({It is too late for half measures as} 
15... Qc7 16. e4 dxe4 17. Nxe4 $16 {leads to a favourable structure for White.}
) 16. Nxe5 Nxe5 17. dxe5 Nd7 18. Nf3 Bxc5 $6 {Leaving g5 undefended is too
inviting for a Catalan specialist, even though Caruana hesitated for a while
before answering.} (18... Nxc5 $5 19. Be3 Ra5 20. Nd4 Bd7 21. f4 {offers White
some pressure but not a direct atack.}) 19. Ng5 $1 {Perfectly in the good old
Catalan spirit, by switching to a kingside attack.} g6 20. Bf4 Qb6 21. e4 $1 {
Black's kingside is not prepared for White's massive attack.} b3 22. axb3 axb3
23. Qe2 Ba6 ({Caruana was mainly worried about} 23... Ra2 24. e6 $1 ({During
the press conference Caruana indicated only} 24. Rab1 Ba6 25. Qf3 Bd3 26. Qxd3
Bxf2+ 27. Kh1 Bxe1 28. Rxe1 Rxb2 {and}) (24. exd5 Ba6 25. Qf3 Rxb2 26. Ne4 cxd5
27. Nxc5 Nxc5 28. Be3 Bc4 29. Bd4 {when he did not like playing against the
passed b-pawn.}) 24... fxe6 25. exd5 e5 {Trying to prevent the queen's
infiltration.} 26. dxc6 exf4 27. cxd7 Bxd7 28. Rad1 {Despite the apparently
annoying pressure on f2 Black is in big trouble. For instance:} fxg3 29. hxg3
Rxf2 (29... Bxf2+ 30. Kh1 Bxe1 31. Rxd7 {threatening Bd5+ followed by Rxh7
mate.}) 30. Qc4+ Kh8 31. Rxd7) 24. Qf3 Bc4 (24... h6 {just weakens the
kingside:} 25. Nh3 (25. Nxf7 Rxf7 26. exd5 {also looks tempting but Black can
try surviving with} Nf8) 25... dxe4 26. Qxe4 $18 {c6 and h6 are hanging and
the threat e5-e6 is killing. More than Black cn cope with, for sure.}) 25. Rxa8
Rxa8 26. e6 dxe4 (26... fxe6 $2 27. Bc7 $1) 27. exf7+ Bxf7 28. Nxe4 Bd4 (28...
Re8 $16 {Caruana}) 29. Nd6 {Caruana concludes the attack with simple moves.}
Bd5 30. Qe2 Nf8 31. Bxd5+ cxd5 32. Qf3 Qa5 33. Re7 $4 {The bishop will move
away and there will be no defence against Qf7+.} 1-0

[Event "Candidates Tournament"]
[Site "Berlin"]
[Date "2018.03.15"]
[Round "5"]
[White "Ding, Liren"]
[Black "Mamedyarov, Shakhriyar"]
[Result "1/2-1/2"]
[WhiteElo "2769"]
[BlackElo "2809"]
[Annotator "Fernandez,D"]
[PlyCount "61"]
[EventDate "2018.03.10"]
[EventType "tourn"]
[EventRounds "14"]
[EventCountry "GER"]
[EventCategory "22"]
[SourceTitle "CBM 184"]
[Source "ChessBase"]
[SourceDate "2018.05.16"]
[SourceVersion "1"]
[SourceVersionDate "2018.05.16"]
[SourceQuality "1"]

1. d4 Nf6 2. c4 e6 3. Nf3 d5 4. g3 Be7 5. Bg2 O-O 6. O-O dxc4 7. Qc2 a6 8. a4 (
8. Qxc4 b5 9. Qc2 Bb7 {is the absolute main line, and now nobody quite
understands what White should be doing with his dark-squared bishop!}) 8... Bd7
9. Qxc4 (9. Ne5 {has always seemed to me to be a cleaner move.} Nc6 $1 (9...
Bc6 10. Nxc6 Nxc6 11. e3 Na5 12. Nd2 {and White regains the pawn while keeping
the bishop pair. It is important to note the wrinkle} c5 13. dxc5 Rc8 14. b4 $1
cxb3 15. Nxb3 Nxb3 16. Qxb3 Rxc5 (16... Nd7 17. c6 bxc6 18. Rd1 $44) 17. Qxb7
a5 18. Bb2 $14) 10. Qxc4 Nd5 $1 (10... Nxe5 11. dxe5 Nd5 12. Nc3 $14) 11. Nxd7
Na5 $1 12. Qd3 Nb4 13. Qc3 Qxd7 14. Nd2 Rfd8 $11 {Black has enough
compensation for the bishop pair, when we consider the short-term factors.})
9... Bc6 10. Bf4 Bd6 11. Bg5 (11. Qc1 $5 {is the main move, fighting for the
dark squares and at the same time avoiding various tempo-gainers that Black
had. Nevertheless, by following a strategy remarkably like the one in the
present encounter, Black managed to squeeze his opponent to death in another
top game:} Nbd7 12. Nc3 Qe7 13. Re1 (13. a5 $5) 13... Bxf3 14. Bxf3 Bxf4 15.
Qxf4 c6 16. a5 e5 $1 $11 17. dxe5 Nxe5 18. Bg2 Rad8 19. b4 (19. Red1 $11) 19...
Rd7 20. Bh3 Rd6 $36 {Inarkiev,E-Leko,P Riadh 2017}) 11... Nbd7 12. Nc3 h6 13.
Bc1 {Even the official commentary stream was powerless to explain this move,
which seems to rely on considerations that are so long-term as to be
practically non-existent.} (13. Bxf6 Nxf6 14. Rfd1 {really does seem like a
better try for an advantage, even if it too should not work.} Qe7 15. Nd2 (15.
Ne5 Bxg2 16. Kxg2 c5 $11 {Kuzubov,Y-Bologan,V Plovdiv 2012}) 15... Bxg2 16.
Kxg2 Bb4 $1 $11) 13... a5 14. b3 Qe7 15. Bb2 Rfd8 16. Rac1 $6 {On one level
there is nothing so wrong with this, and on another it signs away most of
White's winning chances. As Mamedyarov commented in his press conference, ...
Bxf3 is often a terrible idea when White has both bishops, but after one pair
has been traded off, Black can worry less and can perhaps even think about
winning the battle of the minor pieces.} (16. e3 {was a little more ambitious
- it is still not completely clear to me how Black intends to deploy his
pieces. White's queen can retreat to e2 and he can consider playing for e4, or
even Bh3 and Nd2-c4.} Nd5 {can for instance be met.} 17. Nxd5 Bxd5 18. Qc2 f5
19. Nd2 $32) 16... Ba3 $1 17. Bxa3 Qxa3 18. Nb5 Qe7 $1 19. Qc2 (19. Nxc7 $4 Nb6
$19 {is a rather useful detail}) 19... Bxf3 20. Bxf3 c6 21. Nc3 Nb6 22. e3 e5 {
After this move, neither side can really dodge the draw.} (22... Nbd5 $11 {
was slightly more ambitious- certainly having equalised with Black I might
well be tempted to play for a bit more, especially since '0.00' is likely an
overestimation of the bishop.}) 23. dxe5 Qxe5 24. Rfd1 g6 25. Rd2 Rd7 26. Rxd7
Nbxd7 27. Rd1 h5 28. Rd4 Nc5 29. h4 Kg7 30. Kg2 Ne6 31. Rd1 1/2-1/2